000 02063nam a22003491a 4500
001 001359757
003 AM-YEHGA
005 20250618080142.0
008 170520s2017 ai a||||r|||||||||0|arm|d
020 _a9789939843315
040 _aAM-YeHGA
041 1 _aarm
_heng
_hrus
100 1 _aԿարապետյան, Սամվել Գևորգի,
_d1961-2020
_92029
245 1 0 _aԱդրբեջանը քաղաքակրթությունից դուրս =
_bАзербайджан вне цивилизации = Azerbaijan out of civilization /
_cՍ. Կարապետյան ; Խմբագիրներ՝ Է. Աբրահամյան, Ր. Քորթոշյան ; Ռուսերենի թարգմանիչ՝ Ա. Հարությունյան ; Անգլերենի թարգմանիչ և սրբագրիչ Գ. Մովսիսյան ; Հայկական ճարտարապետությունն ուսումնասիրող հիմնադրամ.
246 1 5 _aАзербайджан вне цивилизации
246 1 5 _aAzerbaijan out of civilization
260 _aԵրևան :
_bՀայկական ճարտարապետությունն ուսումնասիրող հիմնադրամ,
_c2017.
300 _a171 էջ :
_bլուսանկ, ;
_c30 սմ.
500 _aՍյունակագիր:
546 _aԲնագիրը՝ հայերեն, ռուսերեն և անգլերեն:
650 1 0 _aՀնագիտություն
_zՀայաստան
650 1 4 _aՀայկական եկեղեցական ճարտարապետություն
650 1 4 _aՄշակութային ցեղասպանություն
700 1 _aԱբրահամյան, Էմմա
_eխմբ.
_4edt
700 1 _aՔորթոյան, Րաֆֆի
_eխմբ.
_4edt
700 1 _aՀովհաննիսյան, Հասմիկ
_eխմբ.
_4edt
_eսրբագրիչ
_4crr
700 1 _aՀարությունյան, Անահիտ
_eթարգմ.
_4trl
700 1 _aՄովսիսյան, Գայանե
_eթարգմ.
_4trl
710 1 _aՀայկական ճարտարապետությունն ուսումնասիրող հիմնադրամ
_95217
942 _2udc
_cBK
090 _c568770
999 _c530205
_d530205